00723nam a2200217Ia 4500003000900000008004100009020001700050040001600067080001500083245009400098260003500192300001400227650003200241650002700273650002100300700003000321700002900351942000700380999001500387952010300402IN-BaIIA211028s9999 xx 000 0 eng d a0-7204-02441 cIIA Library a539.1bTHE 4aThe Physics of electronic and atomic collisionscedited by T. R. Govers and F. J. De Heer aAmsterdambNorth-Hollandc1972 axi, 496p. a Atomic collisions 98404 a Atomic physics98405 aNASA Thesaurus  aDe Heer, F. J., ed.98406 aGovers, T. R., ed.98407 cBK c4732d4732 00104070aBANbBANcGENd1975-05-23l0o539.1/ THEp5288r2021-11-05w1975-05-23yBKGDFL 120.00